Dictionnaire des oeuvres V

Gespeichert in:
Bibliographische Detailangaben
Format: Buch
Sprache:Undetermined
Veröffentlicht: París, Francia s.n.D.E. 1968
Schlagworte:
Tags: Tag hinzufügen
Keine Tags, Fügen Sie den ersten Tag hinzu!

MARC

LEADER 00000nam a2200000Ia 4500
008 170316s9999 xx 000 0 und d
040 |a cru BVZT 
090 |a REF 
245 |a Dictionnaire des oeuvres V 
260 |a París, Francia 
260 |b s.n.D.E. 
260 |c 1968 
300 |a 852 páginas 
650 |a REFERENCIA 
942 |c REF 
999 |c 14686  |d 14686